Programa de reforzamiento de la Superintendencia de Servicios Sanitarios, realizado mediante una Cooperación No reembolsable del Fondo Multilateral de Inversiones - FOMIN, a través del banco Interamericano de Desarrollo -BID
محفوظ في:
| المؤلف الرئيسي: | |
|---|---|
| التنسيق: | كتاب |
| اللغة: | الإسبانية |
| منشور في: |
Santiago
Gobierno de Chile
2004
Santiago Superintendencia de Servicios Sanitarios 2004 |
| الطبعة: | 1a. ed |
| الموضوعات: | |
| الوسوم: |
إضافة وسم
لا توجد وسوم, كن أول من يضع وسما على هذه التسجيلة!
|
MARC
| LEADER | 00000nam a2200000 a 4500 | ||
|---|---|---|---|
| 001 | UCL9245 | ||
| 003 | CL-VaPUC | ||
| 008 | 040730e20040000cl |||||||||||||||||spa|d | ||
| 082 | 0 | 4 | |a 628 |b PAL |2 21 |
| 100 | |a Palominos M., María Concepción |e autora |9 487053 | ||
| 245 | 1 | 0 | |a Programa de reforzamiento de la Superintendencia de Servicios Sanitarios, realizado mediante una Cooperación No reembolsable del Fondo Multilateral de Inversiones - FOMIN, a través del banco Interamericano de Desarrollo -BID |
| 250 | |a 1a. ed | ||
| 300 | |a 291 p | ||
| 942 | |c BK | ||
| 945 | |d 20040730 00:00:00 |a cmena | ||
| 260 | |a Santiago |b Gobierno de Chile |c 2004 | ||
| 260 | |a Santiago |b Superintendencia de Servicios Sanitarios |c 2004 | ||
| 650 | 7 | |a SERVICIOS SANITARIOS |2 CL-VaPUC |9 359723 | |
| 650 | 0 | |a Planificación estratégica |9 259735 | |
| 650 | 7 | |a INNOVACIONES TECNOLOGICAS |2 CL-VaPUC |9 487054 | |
| 651 | 7 | |a CHILE |2 CL-VaPUC |9 487055 | |
| 583 | |a last modification |c 20171017 10:56:12 |k Rodrigo Vera | ||
| 999 | |c 310109 |d 310107 | ||
| 952 | |0 0 |1 0 |4 0 |6 628_000000000000000_PAL_2004_2004 |7 0 |8 A |9 378213 |a BIBGIM |b BIBGIM |d 2019-11-21 |i 4042182 |o 628 PAL 2004 2004 |p 4042182 |r 2025-01-15 |w 2019-11-21 |y BK |k GIM | ||
| 952 | |0 0 |1 0 |4 0 |6 628_000000000000000_PAL_2004_2004 |7 0 |8 A |9 378214 |a BIBGIM |b BIBGIM |d 2019-11-21 |i 4040074 |o 628 PAL 2004 2004 |p 4040074 |r 2025-01-15 |w 2019-11-21 |y BK |k GIM | ||